000
00306nam a22001337a 4500
008
170713b xxu||||| |||| 00| 0 eng d
020
_a
11815
041
_a
eng
080
_a
1(091)
100
_a
24
101
_a
FIL
245
_a
ESSAYS IN THE PHILOSOPHY OF HISTORY
_c
COLLINGWOOD, R.G
942
_2
udc
_c
BK
999
_c
20596
_d
20596